[Event "Medellin Easter op 11th"]
[Site "Medellin"]
[Date "2023.04.06"]
[Round "2"]
[White "Lopez Gaviria, Alvaro Diego"]
[Black "Morales, Luis Eduardo"]
[Result "1-0"]
[WhiteElo "1988"]
[BlackElo "1658"]
[PlyCount "75"]
[EventDate "2023.04.05"]
[EventType "swiss"]
[EventRounds "7"]
[EventCountry "COL"]
[SourceTitle "CBM 213 Extra"]
[Source "ChessBase"]
[SourceDate "2023.05.31"]
[SourceVersion "1"]
[SourceVersionDate "2023.05.31"]
[SourceQuality "1"]

1. d4 Nf6 2. Bf4 d5 3. e3 Bf5 4. c4 c6 5. Qb3 Qb6 6. Nc3 e6 7. c5 Qxb3 8. axb3 Nbd7 9. b4 Nh5 10. Bc7 Rc8 11. Be5 f6 12. Bd6 Bxd6 13. cxd6 g5 14. f3 Bc2 15. Kd2 Bg6 16. Rxa7 b5 17. Bd3 Bxd3 18. Kxd3 f5 19. Nge2 Nhf6 20. Rha1 0-0 21. R1a6 Rfd8 22. Rc7 Nb8 23. Raa7 Nbd7 24. e4 Rxc7 25. Rxc7 fxe4+ 26. fxe4 Nb8 27. e5 Nfd7 28. Ke3 Rf8 29. Ng3 Kg7 30. Nce2 Kg6 31. Nc1 h5 32. Nd3 h4 33. Ne2 Rf7 34. Nc5 Nxc5 35. Rxf7 Kxf7 36. dxc5 Kg6 37. Nd4 Kf7 38. h3 1-0

[Event "COL-ch U2000"]
[Site "Pereira"]
[Date "2019.03.23"]
[Round "5"]
[White "Lopez Gaviria, Alvaro Diego"]
[Black "Londono Lopez, Donaldo Eliuver"]
[Result "1-0"]
[WhiteElo "1994"]
[BlackElo "1839"]
[PlyCount "111"]
[EventDate "2019.03.21"]
[EventType "swiss"]
[EventRounds "9"]
[EventCountry "COL"]
[SourceTitle "CBM 189 Extra"]
[Source "ChessBase"]
[SourceDate "2019.06.03"]
[SourceVersion "1"]
[SourceVersionDate "2019.06.03"]
[SourceQuality "1"]

1. d4 d5 2. Bf4 c5 3. e3 Nc6 4. c3 e6 5. Nd2 Nf6 6. Bd3 Be7 7. a3 b6 8. h3 Bb7 9. Ngf3 Rc8 10. Qe2 Bd6 11. Ne5 Qc7 12. Nxc6 Bxc6 13. Bxd6 Qxd6 14. f4 cxd4 15. cxd4 0-0 16. 0-0 Rc7 17. Rac1 Rfc8 18. Nb1 Kf8 19. Rc3 Bb7 20. Rfc1 Ke7 21. Rxc7+ Rxc7 22. Nc3 Bc6 23. Qc2 Qd7 24. Qe2 h6 25. Rf1 Kf8 26. Qd2 Qd6 27. Rc1 Qd7 28. Na2 Bb7 29. Qb4+ Kg8 30. Rc3 Ne8 31. Bb5 Qd8 32. Bxe8 Rxc3 33. Bxf7+ Kxf7 34. Qxc3 Kg8 35. Nb4 Qh4 36. Qd2 Qg3 37. Nd3 Qg6 38. Ne5 Qe8 39. Qd3 Qc8 40. Qd1 Qc7 41. Kh2 Qc8 42. Qg4 Qe8 43. Qg6 Qe7 44. Qc2 h5 45. Qg6 h4 46. Nf3 Bc8 47. Ng5 Kf8 48. Qh5 Qe8 49. Qh8+ Ke7 50. Qxg7+ Kd6 51. Qxa7 Kc6 52. Qa4+ b5 53. Qc2+ Kb7 54. Qf2 Qc6 55. Nf3 Qc1 56. Nxh4 1-0

[Event "COL-ch U2000"]
[Site "Pereira"]
[Date "2019.03.22"]
[Round "3"]
[White "Lopez Gaviria, Alvaro Diego"]
[Black "Moncada Correa, Sara"]
[Result "1/2-1/2"]
[WhiteElo "1994"]
[BlackElo "1849"]
[PlyCount "41"]
[EventDate "2019.03.21"]
[EventType "swiss"]
[EventRounds "9"]
[EventCountry "COL"]
[SourceTitle "CBM 189 Extra"]
[Source "ChessBase"]
[SourceDate "2019.06.03"]
[SourceVersion "1"]
[SourceVersionDate "2019.06.03"]
[SourceQuality "1"]

1. d4 Nf6 2. Bf4 g6 3. e3 Bg7 4. Nf3 0-0 5. h3 d6 6. Be2 b6 7. 0-0 Bb7 8. a4 c5 9. c3 Nbd7 10. Na3 Qc7 11. Rc1 a6 12. b4 e5 13. Bh2 Rfe8 14. Nc4 Rad8 15. dxc5 dxc5 16. Nd6 Rf8 17. Nxb7 Qxb7 18. Qb3 e4 19. Ne5 Nxe5 20. Bxe5 Rd2 21. Rfe1 1/2-1/2

[Event "COL-ch U2000"]
[Site "Pereira"]
[Date "2019.03.21"]
[Round "1"]
[White "Lopez Gaviria, Alvaro Diego"]
[Black "Hernandez, Jeronimo"]
[Result "1-0"]
[WhiteElo "1994"]
[BlackElo "1851"]
[PlyCount "73"]
[EventDate "2019.03.21"]
[EventType "swiss"]
[EventRounds "9"]
[EventCountry "COL"]
[SourceTitle "CBM 189 Extra"]
[Source "ChessBase"]
[SourceDate "2019.06.03"]
[SourceVersion "1"]
[SourceVersionDate "2019.06.03"]
[SourceQuality "1"]

1. d4 Nf6 2. Bf4 g6 3. e3 Bg7 4. Nf3 d6 5. h3 0-0 6. Be2 Nbd7 7. 0-0 b6 8. c3 Bb7 9. a4 a5 10. Bh2 Re8 11. Qb3 e5 12. Na3 e4 13. Nd2 Rc8 14. Nb5 Nf8 15. Rac1 Re6 16. Bc4 d5 17. Be2 c6 18. Na3 N8d7 19. Rfd1 Bf8 20. c4 Bd6 21. Bxd6 Rxd6 22. cxd5 cxd5 23. Bb5 Nb8 24. Rc3 Na6 25. Rdc1 Nb4 26. Nc2 Rxc3 27. bxc3 Nd3 28. Rf1 Qc7 29. Ne1 Nxe1 30. Rxe1 Bc6 31. c4 Bxb5 32. Qxb5 dxc4 33. Nxc4 Rc6 34. Ne5 Rc1 35. Rxc1 Qxc1+ 36. Kh2 Qd2 37. Qc4 1-0

[Event "Medellin Conconcreto op"]
[Site "Medellin"]
[Date "2018.01.25"]
[Round "2"]
[White "Molina Ballesteros, Juan Sebastian"]
[Black "Lopez Gaviria, Alvaro Diego"]
[Result "0-1"]
[WhiteElo "1333"]
[BlackElo "1973"]
[PlyCount "88"]
[EventDate "2018.01.24"]
[EventType "swiss"]
[EventRounds "7"]
[EventCountry "COL"]
[SourceTitle "CBM 182 Extra"]
[Source "ChessBase"]
[SourceDate "2018.02.23"]
[SourceVersion "1"]
[SourceVersionDate "2018.02.23"]
[SourceQuality "1"]

1. e4 c5 2. Nf3 g6 3. d4 cxd4 4. Nxd4 Bg7 5. Be3 Nc6 6. Nc3 Nf6 7. Bc4 Qa5 8. Qd2 Nxe4 9. Nxc6 Qxc3 10. bxc3 Nxd2 11. Bxd2 dxc6 12. 0-0 0-0 13. Rfd1 Bf5 14. Bd3 Be6 15. a4 b6 16. Be4 Bd5 17. Bxd5 cxd5 18. Be3 e6 19. Bd4 Rfc8 20. Bxg7 Kxg7 21. a5 bxa5 22. Rxa5 Rxc3 23. Ra2 a5 24. h3 a4 25. Rda1 a3 26. Kf1 Kf6 27. Ke2 Ke5 28. Kd2 Kd4 29. Rb1 Ra7 30. Rb4+ Rc4 31. c3+ Kc5 32. Rb3 Rf4 33. f3 Rfa4 34. Kd3 h5 35. g4 hxg4 36. fxg4 e5 37. Rb1 f5 38. gxf5 gxf5 39. Rh1 Rh4 40. Kc2 Kc4 41. Rf1 Rxh3 42. Rxf5 Rxc3+ 43. Kb1 Rb7+ 44. Ka1 Rc1# 0-1

[Event "Medellin Construct op"]
[Site "Medellin"]
[Date "2017.01.29"]
[Round "6"]
[White "Toro Castaneda, Elizabeth"]
[Black "Lopez Gaviria, Alvaro Diego"]
[Result "0-1"]
[WhiteElo "1876"]
[BlackElo "1974"]
[PlyCount "68"]
[EventDate "2017.01.25"]
[EventType "swiss"]
[EventRounds "7"]
[EventCountry "COL"]
[SourceTitle "CBM 176 Extra"]
[Source "ChessBase"]
[SourceDate "2017.03.02"]
[SourceVersion "1"]
[SourceVersionDate "2017.03.02"]
[SourceQuality "1"]

1. e4 g6 2. d4 Bg7 3. Nc3 a6 4. Be3 d6 5. Qd2 Nd7 6. 0-0-0 b5 7. f3 Nb6 8. g4 h6 9. h4 h5 10. Qg2 Rb8 11. Bd3 Nf6 12. gxh5 Nxh5 13. Nge2 Nc4 14. Bxc4 bxc4 15. Nf4 c6 16. d5 c5 17. Nxh5 Rxh5 18. Qe2 Rxb2 19. Kxb2 Qb6+ 20. Kc1 Bxc3 21. Rdf1 Qb2+ 22. Kd1 Qb1+ 23. Bc1 Bb2 24. Kd2 Bc3+ 25. Kd1 Qxa2 26. f4 Qa1 27. f5 Bg7 28. fxg6 fxg6 29. Qg2 Qd4+ 30. Ke1 Re5 31. Qxg6+ Kd8 32. Rf4 Bf5 33. Rxf5 Qxe4+ 34. Kf2 Rxf5+ 0-1

[Event "Medellin Segunda Antioquia op"]
[Site "Medellin"]
[Date "2016.04.17"]
[Round "6.3"]
[White "Lopez Gaviria, Alvaro Diego"]
[Black "Valencia Quinchoa, Ruben"]
[Result "1-0"]
[WhiteElo "1933"]
[BlackElo "1904"]
[PlyCount "51"]
[EventDate "2016.04.13"]
[EventType "swiss"]
[EventRounds "7"]
[EventCountry "COL"]
[SourceTitle "EXT 2024"]
[Source "ChessBase"]
[SourceDate "2023.10.10"]
[SourceVersion "1"]
[SourceVersionDate "2023.10.10"]
[SourceQuality "1"]

1. d4 d5 2. c4 e6 3. Nc3 c6 4. cxd5 exd5 5. Nf3 Nf6 6. Bf4 Bd6 7. Bxd6 Qxd6 8. Qc2 0-0 9. e3 Bg4 10. Be2 Nbd7 11. 0-0 Qe7 12. b4 Qxb4 13. Rab1 Qd6 14. Rxb7 Nb6 15. Na4 Nfd7 16. Rc1 Rfc8 17. h3 Bh5 18. Nc5 Bg6 19. Qd2 Rcb8 20. Qa5 f6 21. Nh4 Be8 22. Nf5 Qf8 23. Ne6 Qf7 24. Rxb8 Nxb8 25. Nexg7 Qf8 26. Ne6 1-0

[Event "COL-ch Amateur"]
[Site "Villavicencio"]
[Date "2015.02.19"]
[Round "3"]
[White "Orozco Arango, Jaidiber"]
[Black "Lopez Gaviria, Alvaro Diego"]
[Result "0-1"]
[WhiteElo "1851"]
[BlackElo "1933"]
[PlyCount "104"]
[EventDate "2015.02.18"]
[EventType "swiss"]
[EventRounds "9"]
[EventCountry "COL"]
[SourceTitle "CBM 165 Extra"]
[Source "ChessBase"]
[SourceDate "2015.04.21"]
[SourceVersion "1"]
[SourceVersionDate "2015.04.21"]
[SourceQuality "1"]

1. e4 e6 2. d4 d5 3. Nc3 Bb4 4. e5 c5 5. a3 Bxc3+ 6. bxc3 Ne7 7. Qg4 0-0 8. Bd3 Nbc6 9. Nf3 Nf5 10. Bxf5 exf5 11. Qh5 f6 12. 0-0 fxe5 13. dxe5 Qe8 14. Qxe8 Rxe8 15. Bf4 Be6 16. Rfe1 Rad8 17. Be3 b6 18. a4 Rc8 19. Rad1 h6 20. h4 Kf7 21. Bc1 Rcd8 22. Bb2 Na5 23. Nd2 Rd7 24. f4 Kg6 25. Kf2 Kh5 26. g3 Rf8 27. Ke3 Kg6 28. Kf2 Kf7 29. Ke3 Ke7 30. Rb1 Rb8 31. Ba1 Rdb7 32. Kd3 Kd7 33. Rb2 Ke7 34. Reb1 Rg8 35. Rb5 Rgb8 36. R5b2 Bd7 37. Ra2 Ke6 38. Ke2 Bc6 39. Nb3 g5 40. hxg5 hxg5 41. Rh1 Rg7 42. Rb2 Nc4 43. Rh6+ Ke7 44. Rxc6 Kd7 45. Rh6 Rbg8 46. Rb1 gxf4 47. Nxc5+ Kc8 48. Rg1 bxc5 49. Rc6+ Kd7 50. Rxc5 Ke6 51. Kf3 Rxg3+ 52. Rxg3 fxg3 0-1

[Event "Pan American Amateur-ch"]
[Site "San Andres Islas"]
[Date "2014.08.30"]
[Round "8"]
[White "Serafim Junior, Arnor"]
[Black "Lopez Gaviria, Alvaro Diego"]
[Result "1/2-1/2"]
[WhiteElo "1839"]
[BlackElo "1951"]
[PlyCount "166"]
[EventDate "2014.08.26"]
[EventType "swiss"]
[EventRounds "9"]
[EventCountry "COL"]
[SourceTitle "EXT 2016"]
[Source "ChessBase"]
[SourceDate "2015.10.08"]
[SourceVersion "1"]
[SourceVersionDate "2015.10.08"]
[SourceQuality "1"]

1. c4 c6 2. Nf3 d5 3. d4 Nf6 4. g3 Bf5 5. Bg2 e6 6. Qb3 Qb6 7. Nc3 Bb4 8. 0-0 Bxc3 9. bxc3 h6 10. Ba3 Nbd7 11. Nd2 Qxb3 12. axb3 a6 13. Rfe1 0-0-0 14. b4 b5 15. Bb2 Kb7 16. cxd5 exd5 17. Ra3 Rhe8 18. e3 Nb8 19. Nb3 Re7 20. Nc5+ Kb6 21. Rea1 Bc8 22. Bc1 Rde8 23. f3 Nfd7 24. e4 g5 25. e5 f6 26. f4 Nxc5 27. bxc5+ Kb7 28. Bd2 fxe5 29. fxe5 Rf7 30. Rf1 Ref8 31. Raa1 Bg4 32. Rxf7+ Rxf7 33. Rf1 Rxf1+ 34. Bxf1 Bf5 35. h3 a5 36. g4 Bg6 37. Kf2 Nd7 38. h4 Nf8 39. hxg5 hxg5 40. Bxg5 Ne6 41. Bc1 Kc7 42. Ke3 Kd7 43. Bd3 Bf7 44. Kf3 Ke7 45. Kg3 Kf8 46. Kh4 Kg7 47. Bf5 Kf8 48. g5 Ke7 49. g6 Bg8 50. Kh5 Ng7+ 51. Kg5 Ne6+ 52. Kg4 a4 53. Ba3 Ng7 54. Kg5 Nxf5 55. Kxf5 Be6+ 56. Kg5 Bg8 57. Bc1 Be6 58. Kh6 Bf5 59. Kg7 Be4 60. Kh6 Bf5 61. Bg5+ Kf8 62. Kh7 a3 63. Bh6+ Ke7 64. Bg5+ Kf8 65. Bh6+ Ke7 66. Bc1 a2 67. Bb2 Kf8 68. Kh6 Ke7 69. Kg5 Bd3 70. g7 Bh7 71. Kh6 Bg8 72. Kg6 Ke6 73. Kg5 Bh7 74. Kf4 Bg8 75. Ke3 Kf7 76. Kd2 Bh7 77. Kc1 Kxg7 78. Ba1 Kf7 79. Kb2 Bb1 80. Ka3 Ke6 81. Kb4 Bf5 82. Ka5 Kd7 83. Kb6 Bh3 1/2-1/2

[Event "COL-ch Amateur"]
[Site "Colombia"]
[Date "2014.03.13"]
[Round "4"]
[White "Lopez Gaviria, Alvaro Diego"]
[Black "Cespedes Galindo, Estefania"]
[Result "1-0"]
[WhiteElo "1936"]
[BlackElo "1765"]
[PlyCount "45"]
[EventDate "2014.03.12"]
[EventType "swiss"]
[EventRounds "9"]
[EventCountry "COL"]
[SourceTitle "CBM 159 Extra"]
[Source "ChessBase"]
[SourceDate "2014.04.24"]
[SourceVersion "1"]
[SourceVersionDate "2014.04.24"]
[SourceQuality "1"]

1. d4 d5 2. c4 e5 3. e3 exd4 4. exd4 Nf6 5. Nf3 Bg4 6. Be2 Be7 7. 0-0 dxc4 8. Bxc4 Nbd7 9. Qb3 0-0 10. Ne5 Nxe5 11. dxe5 Nd7 12. Qg3 Bh5 13. Bh6 Bg6 14. Bf4 Nb6 15. Bb3 Bc5 16. Nc3 Qe7 17. Rad1 Rad8 18. Bg5 Bxf2+ 19. Rxf2 Rxd1+ 20. Nxd1 Qc5 21. Qc3 Nd7 22. Qxc5 Nxc5 23. Be7 1-0

[Event "COL-ch Amateur"]
[Site "San Andres Islas"]
[Date "2013.03.17"]
[Round "9"]
[White "Giron, Yorman Omar"]
[Black "Lopez Gaviria, Alvaro Diego"]
[Result "1-0"]
[WhiteElo "1844"]
[BlackElo "1936"]
[PlyCount "79"]
[EventDate "2013.03.13"]
[EventType "swiss"]
[EventRounds "9"]
[EventCountry "COL"]
[SourceTitle "CBM 153 Extra"]
[Source "ChessBase"]
[SourceDate "2013.04.22"]
[SourceVersion "1"]
[SourceVersionDate "2013.04.22"]
[SourceQuality "1"]

1. e4 e6 2. d4 d5 3. Nd2 Be7 4. e5 c5 5. c3 Qb6 6. Ndf3 Bd7 7. Bd3 Bb5 8. Bc2 a5 9. Ne2 Nc6 10. Be3 cxd4 11. cxd4 Nb4 12. Bb1 Qa6 13. a4 Bd3 14. Bxd3 Nxd3+ 15. Kf1 Nh6 16. Bxh6 gxh6 17. Ne1 Nb4 18. Rc1 Kd7 19. g3 Rhg8 20. Kg2 h5 21. Rc3 h4 22. Nd3 Nc6 23. Qc2 Qb6 24. Nc5+ Bxc5 25. Rxc5 Rg7 26. Rc1 hxg3 27. hxg3 h5 28. Nf4 Rh8 29. f3 Rg5 30. Rb5 Qa7 31. Nd3 Rhg8 32. Rxb7+ Qxb7 33. Nc5+ Kc7 34. Nxb7 Rxg3+ 35. Kh2 Rg2+ 36. Qxg2 Rxg2+ 37. Kxg2 Kxb7 38. Rxc6 Kxc6 39. Kh3 f6 40. f4 1-0

[Event "COL-ch Amateur"]
[Site "San Andres Islas"]
[Date "2013.03.13"]
[Round "1"]
[White "Vallejo, Sixto"]
[Black "Lopez Gaviria, Alvaro Diego"]
[Result "0-1"]
[WhiteElo "1671"]
[BlackElo "1936"]
[PlyCount "56"]
[EventDate "2013.03.13"]
[EventType "swiss"]
[EventRounds "9"]
[EventCountry "COL"]
[SourceTitle "CBM 153 Extra"]
[Source "ChessBase"]
[SourceDate "2013.04.22"]
[SourceVersion "1"]
[SourceVersionDate "2013.04.22"]
[SourceQuality "1"]

1. e4 e6 2. d4 d5 3. e5 c5 4. c3 Qb6 5. Nf3 Bd7 6. b3 cxd4 7. cxd4 Bb5 8. Bxb5+ Qxb5 9. Nc3 Bb4 10. Bd2 Qa6 11. Qe2 Ne7 12. Qb5+ Nec6 13. 0-0 0-0 14. Qxa6 Nxa6 15. a3 Bxc3 16. Bxc3 Rfc8 17. Rfc1 Rc7 18. b4 Rac8 19. Rab1 Nxe5 20. Nxe5 Rxc3 21. Rxc3 Rxc3 22. b5 Nb8 23. h3 f6 24. Nf3 Nd7 25. a4 Nb6 26. a5 Nc4 27. a6 b6 28. Kf1 Rxf3 0-1

[Event "Medellin Region U2000"]
[Site "Medellin"]
[Date "2012.03.27"]
[Round "6.4"]
[White "Londono Lopez, David"]
[Black "Lopez Gaviria, Alvaro Diego"]
[Result "0-1"]
[WhiteElo "1892"]
[BlackElo "1946"]
[PlyCount "66"]
[EventDate "2012.03.12"]
[EventType "swiss"]
[EventRounds "6"]
[EventCountry "COL"]
[SourceTitle "EXT 2024"]
[Source "ChessBase"]
[SourceDate "2023.10.10"]
[SourceVersion "1"]
[SourceVersionDate "2023.10.10"]
[SourceQuality "1"]

1. e4 e6 2. d4 d5 3. e5 c5 4. c3 Nc6 5. Bb5 Qb6 6. Bxc6+ bxc6 7. Nf3 Ba6 8. a3 cxd4 9. cxd4 c5 10. Nc3 Rc8 11. Bg5 Nh6 12. Qa4+ Qc6 13. 0-0-0 Nf5 14. Qxc6+ Rxc6 15. dxc5 Bxc5 16. g4 Ne7 17. Nd4 Rc8 18. Kb1 Ng6 19. f4 h6 20. f5 Nxe5 21. Bf4 Nd3 22. Be3 e5 23. Nxd5 exd4 24. Bf4 Nxf4 25. Nxf4 0-0 26. b4 Bb6 27. Nd5 Rcd8 28. Ne7+ Kh7 29. Nc6 Rd6 30. Ne5 d3 31. a4 f6 32. Ng6 Re8 33. b5 Bb7 0-1

[Event "Medellin Region U2000"]
[Site "Medellin"]
[Date "2012.03.26"]
[Round "5.2"]
[White "Lopez Gaviria, Alvaro Diego"]
[Black "Alvarez, Alvaro"]
[Result "0-1"]
[WhiteElo "1946"]
[BlackElo "1977"]
[PlyCount "36"]
[EventDate "2012.03.12"]
[EventType "swiss"]
[EventRounds "6"]
[EventCountry "COL"]
[SourceTitle "EXT 2024"]
[Source "ChessBase"]
[SourceDate "2023.10.10"]
[SourceVersion "1"]
[SourceVersionDate "2023.10.10"]
[SourceQuality "1"]

1. d4 Nf6 2. Nf3 e6 3. c3 b6 4. Bg5 Bb7 5. e3 h6 6. Bh4 g5 7. Bg3 Ne4 8. Nbd2 Nxg3 9. hxg3 Bg7 10. e4 c5 11. Bb5 a6 12. Ba4 b5 13. Bb3 cxd4 14. Nxd4 Nc6 15. Nxc6 Bxc6 16. Qc2 Qb6 17. Rd1 a5 18. 0-0 a4 0-1